Urban modernity : cultural innovation in the second industrial revolution
Αποθηκεύτηκε σε:
| Άλλοι συγγραφείς: | |
|---|---|
| Μορφή: | Βιβλίο |
| Γλώσσα: | English |
| Δημοσίευση: |
Cambridge, Massachusetts :
The MIT Press,
2010
|
| Θέματα: | |
| Ετικέτες: |
Προσθήκη ετικέτας
Δεν υπάρχουν, Καταχωρήστε ετικέτα πρώτοι!
|
MARC
| LEADER | 00000cam a2200000 i 4500 | ||
|---|---|---|---|
| 001 | 1/53316 | ||
| 008 | 140821s2010 eng d | ||
| 020 | |a 978-0-262-01398-7 | ||
| 035 | |l 10118657 | ||
| 040 | |a GR-MY-UA |b gre |e aacr | ||
| 041 | 0 | |a eng | |
| 082 | 0 | |a 307.76 |2 (23) | |
| 245 | 1 | 0 | |a Urban modernity : |b cultural innovation in the second industrial revolution / |c Miriam R. Levin ... [κ. α.] |
| 260 | |a Cambridge, Massachusetts : |b The MIT Press, |c 2010 | ||
| 300 | |a 246 σ.; |b εικ.; |c 22 εκ. | ||
| 500 | |a Περιλαμβάνει βιβλιογραφικές αναφορές και ευρετήριο | ||
| 650 | 0 | 0 | |a Urbanization |x History. |
| 650 | 0 | 0 | |a Technological innovations |x Economic aspects |x History. |
| 650 | 0 | 0 | |a Industrialization |x History. |
| 700 | 1 | |a Levin, Miriam R. | |
| 852 | |a INST |b LESVOS |e 20140821 |h 307.76 URB |p 005100054812 |q 005100054812 |t BK |y 0 | ||
| 901 | |a BIBL1-2014-2 | ||
| 909 | |a Λ |b 190160 | ||
| 970 | |a ΤΖΑΦΕΡΗ |b ΕΥΑΓΓΕΛΙΑ |z 2014/08/21 | ||